000 00592nam a2200169 i 4500
001 138018
003 ES-MaACL
005 20230906195504.0
007 t|
008 070214s1972 sp af |||| | spa d
100 1 _aSánchez-León Herrera, Jesús.
_9102722
245 1 0 _aSierra Nevada y la Costa del Sol granadina
_b: a través de las Alpujarras /
_cJesús Sánchez-León Herrera.
260 _aGranada :
_b[s. n.],
_c1972 (
_fLitografía Anel)
300 _a234 p., 24 lám :
_bil. ;
_c22 cm.
651 4 _aGranada (Provincia)-
_vGuías turísticas.
_9168713
852 _aES-MaACL
_jC-43752
999 _c138018
_d138018